Reservas y cotos nacionales de caza (Record no. 116094)

MARC details
000 -LEADER
campo de control de longitud fija 00687nam a2200205 i 4500
001 - NÚMERO DE CONTROL
campo de control 116094
003 - IDENTIFICADOR DE NÚMERO DE CONTROL
campo de control ES-MaACL
005 - FECHA Y HORA DE LA ÚLTIMA TRANSACCIÓN
campo de control 20251116063100.0
007 - CAMPO FIJO DE DESCRIPCIÓN FÍSICA--INFORMACIÓN GENERAL
campo de control de longitud fija t|
008 - DATOS DE LONGITUD FIJA--INFORMACIÓN GENERAL
campo de control de longitud fija 061121s1977 sp r ||||1| spa d
100 1# - ENTRADA PRINCIPAL--NOMBRE DE PERSONA
Nombre de persona Ortuño Medina, Francisco,
Fechas asociadas al nombre 1919-1991
9 (RLIN) 87687
245 10 - MENCIÓN DEL TÍTULO
Título Reservas y cotos nacionales de caza
Resto del título : región cantábrica /
Mención de responsabilidad, etc. Francisco Ortuño, Jorge de la Peña.
260 ## - PUBLICACIÓN, DISTRIBUCIÓN, ETC.
Lugar de publicación, distribución, etc. Madrid :
Nombre del editor, distribuidor, etc. Incafo,
Fecha de publicación, distribución, etc. 1977.
300 ## - DESCRIPCIÓN FÍSICA
Extensión 253 p., 23 lám. ;
Dimensiones 29 cm.
650 #4 - PUNTO DE ACCESO ADICIONAL DE MATERIA--TÉRMINO DE MATERIA
Término de materia o nombre geográfico como elemento de entrada Cotos de caza-
Subdivisión geográfica España.
9 (RLIN) 167292
650 #4 - PUNTO DE ACCESO ADICIONAL DE MATERIA--TÉRMINO DE MATERIA
Término de materia o nombre geográfico como elemento de entrada Reservas de caza-
Subdivisión geográfica España.
9 (RLIN) 167293
700 1# - ENTRADA AGREGADA--NOMBRE PERSONAL
Nombre de persona Peña, Jorge de la.
9 (RLIN) 90226
852 ## - LOCALIZACIÓN
Ubicación ES-MaACL
Número de control de estantería A-7991
Sublocalización o colección R.97138
Holdings
Estatus retirado Estado de pérdida Estado de daño No para préstamo Biblioteca de origen Biblioteca actual Ubicación en estantería Fecha de adquisición Fuente de adquisición Total de préstamos Signatura topográfica completa Código de barras Visto por última vez Precio de reemplazo Tipo de ítem Koha
        Biblioteca del Ateneo de Madrid Biblioteca del Ateneo de Madrid Sala Pecera Planta 1 17/01/2008     A-7991 1121063 23/02/2023 23/02/2023 Libro impreso